|
|
|
|
| LEADER |
00000cam a2200000 a 4500 |
| 001 |
vtls009848340 |
| 003 |
SK-MaSNL |
| 005 |
20260301025714.0 |
| 008 |
240315s2009 xo a f p 000 0 slo |
| 015 |
|
|
|a SNBA2009/09-04763
|
| 020 |
|
|
|a 9788010016204
|q (brož.)
|
| 035 |
|
|
|a (SVKBBclas03)vtls000314784
|
| 035 |
|
|
|a urn:nbn:sk:snk-amk6m2
|
| 035 |
|
|
|a urn:nbn:sk:snk-am008cqn
|
| 035 |
|
|
|a D3458D43-CE9E-4B68-9AFB-24ED61ED2B93
|
| 040 |
|
|
|a SNK
|b slo
|c SNK
|e AACR2
|
| 041 |
0 |
|
|a slo
|
| 044 |
|
|
|a xo
|
| 072 |
|
7 |
|a 796
|x Šport. Hry. Telesné cvičenia
|2 konspekt
|
| 080 |
|
|
|a 796/799
|2 2001
|
| 080 |
|
|
|a 373.5/.6+377.1/.3
|2 2001
|
| 080 |
|
|
|a 371.3
|2 2001
|
| 080 |
|
|
|a (072)
|2 2001
|
| 100 |
1 |
|
|a Šimonek, Jaromír,
|d 1958-
|4 aut
|9 86480
|
| 245 |
1 |
0 |
|a Metodika telesnej výchovy pre stredné odborné školy
|c Jaromír Šimonek a kolektív ; [ilustrácie Peter Paluš]
|
| 250 |
|
|
|a 2. vyd.
|
| 260 |
|
|
|a Bratislava
|b Slovenské pedagogické nakladateľstvo - Mladé letá
|c 2009
|
| 300 |
|
|
|a 285 s.
|b ilustr.
|c 24 cm
|
| 650 |
0 |
7 |
|a telesná výchova
|2 SNKPH
|9 708
|
| 650 |
0 |
7 |
|a stredné školy
|2 SNKPH
|9 1279
|
| 650 |
0 |
7 |
|a vyučovacie metódy
|2 SNKPH
|9 1521
|
| 655 |
|
7 |
|a metodické príručky
|2 SNKPH
|9 70250
|
| 700 |
1 |
|
|a Paluš, Peter,
|d 1952-
|4 ill
|9 37117
|
| 700 |
1 |
|
|a Baráth, Ladislav
|4 aut
|9 270885
|
| 700 |
1 |
|
|a Halásová, Tatiana
|4 aut
|9 322182
|
| 700 |
1 |
|
|a Halmová, Nora,
|d 1966-
|4 aut
|9 119244
|
| 700 |
1 |
|
|a Hrnčárová, Ingrid
|4 aut
|9 322183
|
| 700 |
1 |
|
|a Chmelárová, Anna
|4 aut
|9 322184
|
| 700 |
1 |
|
|a Kanásová, Janka
|4 aut
|9 322185
|
| 700 |
1 |
|
|a Kniebügelová, Janka
|4 aut
|9 322186
|
| 700 |
1 |
|
|a Popelár, Jozef
|4 aut
|9 322187
|
| 700 |
1 |
|
|a Štubňová, Soňa
|4 aut
|9 322188
|
| 700 |
1 |
|
|a Veisová, Mária
|4 aut
|9 322189
|
| 700 |
1 |
|
|a Žiačiková, Daniela
|4 aut
|9 322190
|
| 919 |
|
|
|a 978-80-10-01620-4
|
| 958 |
|
|
|a OND
|
| 968 |
|
|
|d 793/799
|
| 999 |
|
|
|c 573142
|d 575072
|
| 952 |
|
|
|a SNK
|b SNK
|y VYP
|7 0
|p 17A0630664
|o snkSC 137094 D1
|i snk2009/16071
|8 0
|0 0
|1 0
|4 0
|d 2009-09-08
|l 0
|r 2026-02-23 14:23:08
|w 2026-02-23
|
| 952 |
|
|
|a SNK
|b SNK
|y PREZ
|7 0
|p 17A0630663
|o snkSC 137094
|i snk2009/16070
|8 0
|0 0
|1 0
|4 0
|d 2009-09-08
|l 0
|r 2025-07-03 00:00:00
|w 2026-02-23
|